[Event "4th d'Ille-et-Vilain Open"]
[Site "Rennes FRA"]
[Date "2011.07.16"]
[Round "1.3"]
[White "Bailet,P"]
[Black "Louis,C"]
[Result "1-0"]
[WhiteElo "2432"]
[BlackElo "1945"]

1.e4 e6 2.d4 d5 3.Nd2 Nc6 4.Ngf3 Nf6 5.e5 Nd7 6.Bb5 a6 7.Bxc6 bxc6 8.Nb3 a5
9.a4 c5 10.Bg5 Be7 11.Bxe7 Qxe7 12.O-O c4 13.Nbd2 O-O 14.b3 cxb3 15.cxb3 c5
16.Re1 Ba6 17.Re3 Rab8 18.Rc1 Rb4 19.dxc5 d4 20.Re4 Nxc5 21.Rxd4 Rxd4 22.Nxd4 Nd3
23.Rc3 Qb4 24.Ne2 Nxe5 25.Nb1 Qb6 26.Ng3 Rd8 27.Qe1 Ng4 28.Ne4 Bd3 29.h3 Bxe4
30.hxg4 Qb7 31.f3 Bg6 32.Nd2 Qd5 33.Nc4 Bd3 34.Ne5 Ba6 35.Nc6 Re8 36.Qe5 f6
37.Qxd5 exd5 38.Rc5 Re1+ 39.Kf2 Re2+ 40.Kg3 Rd2 41.Rxa5 Bf1 42.Rxd5 Rb2 43.Rd1 Rxg2+
44.Kf4 Rf2 45.Rd8+ Kf7 46.Rd7+ Kf8 47.Nd4 Rb2 48.Ne6+ Ke8 49.Rb7 g6 50.a5 Bd3
51.a6  1-0

[Event "III Corporation Cup A"]
[Site "Izhevsk RUS"]
[Date "2011.07.17"]
[Round "3"]
[White "Dvoirys,S"]
[Black "Aitbayev,A"]
[Result "1/2-1/2"]
[WhiteElo "2554"]
[BlackElo "2346"]

1.e4 e6 2.d4 d5 3.Nd2 Be7 4.e5 c5 5.c3 Nc6 6.Ndf3 cxd4 7.cxd4 Bb4+ 8.Bd2 Qa5
9.Ne2 Bxd2+ 10.Qxd2 Qxd2+ 11.Kxd2 Nge7 12.Ne1 b6 13.Nc2 Ba6 14.g4 h5 15.gxh5 Nf5
16.Rc1 Bxe2 17.Bxe2 Nfxd4 18.Nxd4 Nxd4 19.Bd1 O-O 20.Ke3 Nf5+ 21.Kf4 Rac8
22.Be2 Nd4 23.Bd3 f6 24.Rxc8 Rxc8 25.exf6 gxf6 26.Rg1+ Kf7 27.h6 f5 28.Ke3 e5
29.f4 Kf6 30.h7 Rh8 31.fxe5+ Kxe5 32.Rg7 a5 33.a4 Ne6 34.Rf7 Nd4 35.Kf2 Ke6
36.Rb7 Ke5 37.Kg3 Kf6 38.Bb1 Ne6 39.Rd7 Ke5 40.Rf7 Nd4 41.Kh4 Ke6 42.Rb7 Kf6
43.Rxb6+ Ne6 44.Rb7 Ng7 45.Rb5 Rxh7+ 46.Kg3 Ke5 47.Rxa5 Nh5+ 48.Kf2 Nf4 49.Rb5 Rxh2+
50.Kf3 Ne6 51.Ba2 Rd2 52.Ke3 Rd1 53.a5 f4+ 54.Ke2 Ra1 55.Rxd5+ Ke4 56.Bc4 Nd4+
57.Kd2 f3 58.Rd8 Rxa5 59.Bd3+ Ke5 60.Ke3 Rd5 61.Re8+ Kf6 62.Be4 Rd6 63.b4 Ne6
64.Rb8 Ra6 65.Kxf3 Ra3+ 66.Ke2 Ke5 67.Bh7 Rh3 68.Bg8 Nd4+ 69.Kd2 Rh8 70.Kc3 Nc6
71.Rb5+ Kd6 72.Bb3 Rh3+ 73.Kb2 Rh4 74.Rd5+ Kc7 75.b5 Na5  1/2-1/2

[Event "III Corporation Cup A"]
[Site "Izhevsk RUS"]
[Date "2011.07.17"]
[Round "3"]
[White "Lepkasov,V"]
[Black "Ozolin,M"]
[Result "0-1"]
[WhiteElo "2173"]
[BlackElo "2381"]

1.e4 e6 2.d4 d5 3.Nd2 Be7 4.Ngf3 Nf6 5.e5 Nfd7 6.Bd3 c5 7.c3 Nc6 8.O-O g5
9.h3 h5 10.g4 hxg4 11.hxg4 Qb6 12.dxc5 Qc7 13.Bb5 Ndxe5 14.Nxe5 Qxe5 15.Nf3 Qe4
16.Qd4 Qh7 17.Kg2 Qh3+  0-1

[Event "Pinnacle 48th COCC"]
[Site "Toronto CAN"]
[Date "2011.07.17"]
[Round "9"]
[White "Sambuev,B"]
[Black "Thavandiran,S"]
[Result "0-1"]
[WhiteElo "2528"]
[BlackElo "2320"]

1.e4 e6 2.d4 d5 3.Nd2 Nc6 4.Ngf3 Nf6 5.e5 Nd7 6.Be2 f6 7.exf6 Qxf6 8.Nf1 Bd6
9.Ne3 O-O 10.O-O Qg6 11.c4 Nf6 12.g3 dxc4 13.Nxc4 Nd5 14.Bd3 Qf6 15.Be4 h6
16.h4 Bd7 17.Kg2 Be8 18.Be3 Bg6 19.Qb1 Bf5 20.Nxd6 Bxe4 21.Qxe4 cxd6 22.Rae1 Rae8
23.Bd2 Kh8 24.Bc3 Nce7 25.Qg4 Nf5 26.Qh5 Kg8 27.Nd2 Nxd4 28.Ne4 Qf5 29.Qxf5 Nxf5
30.Bd2 Nf6 31.Nxf6+ Rxf6 32.Bc3 Rf7 33.h5 d5 34.Be5 Ne7 35.f4 Nc6 36.Bc3 d4
37.Bd2 Rf5 38.g4 Rc5 39.Rc1 Rb5 40.b3 e5 41.fxe5 Rbxe5 42.Rf2 Re4 43.Kg3 d3
44.Rc3 Rd8 45.g5 hxg5 46.Bxg5 Rd5 47.Bd2 Rdd4 48.Rc5 Rg4+ 49.Kh2 Rde4 50.Bc3 Nd4
51.Bxd4 Rxd4 52.Rd2 Rge4 53.Rg5 Re2+ 54.Rg2 Rxd2 55.Rxd2 Kh7 56.Kg3 Kh6 57.Kf3 Kxh5
58.Ke3 Rd7 59.Kf4 g5+ 60.Kg3 g4 61.Kf4 Rf7+ 62.Kg3 Rf3+ 63.Kg2  0-1

[Event "Najdorf Memorial"]
[Site "Warsaw POL"]
[Date "2011.07.17"]
[Round "5.45"]
[White "Kielar,M"]
[Black "Tomaszewska,L"]
[Result "1-0"]
[WhiteElo "2138"]
[BlackElo "1993"]

1.e4 e6 2.d4 d5 3.Nd2 Be7 4.Bd3 Nf6 5.e5 Nfd7 6.c3 c5 7.f4 b6 8.Ne2 Ba6 9.Bb1 Nc6
10.Nf3 Qc7 11.O-O g6 12.Be3 c4 13.Kh1 O-O-O 14.Neg1 h6 15.Qd2 Kb8 16.Rc1 Rdg8
17.Nh3 Ka8 18.Bc2 Ndb8 19.b3 Bd8 20.Bd1 Ne7 21.Be2 Nf5 22.g4 Nxe3 23.Qxe3 Be7
24.Nf2 g5 25.f5 exf5 26.gxf5 g4 27.f6 gxf3 28.Bxf3 Ba3 29.Re1 cxb3 30.axb3 Bb2
31.Rxa6 Rg1+ 32.Kxg1 Nxa6 33.Bxd5+ Kb8 34.Nd1 Qd7 35.Bg2 Qf5 36.Qe2 Bxc3
37.Nxc3 Nc7 38.Qc4 Rg8 39.Qc6 Kc8 40.Ne4 Kd8 41.Qd6+ Kc8 42.Qf8+ Rxf8 43.Nd6+ Kd7
44.Nxf5 Ke6 45.Ne7 Kd7 46.Bc6+ Kd8 47.Kf2 Ne6 48.Ke3 a5 49.h4 Kc7 50.Ke4 Rd8
51.Bd5 b5 52.Bxe6 fxe6 53.d5 a4 54.bxa4 bxa4 55.dxe6 a3 56.Nd5+ Rxd5 57.Kxd5 a2
58.e7 a1=Q 59.e8=Q Qa2+ 60.Ke4 Qg2+ 61.Kf5 Qh3+ 62.Kg6 Qg4+ 63.Kh7  1-0

[Event "XXIX Andorra Open"]
[Site "Arinsal AND"]
[Date "2011.07.18"]
[Round "3.6"]
[White "Jerez Perez,A"]
[Black "Arizmendi Martinez,J"]
[Result "0-1"]
[WhiteElo "2416"]
[BlackElo "2555"]

1.e4 e6 2.d4 d5 3.Nd2 Be7 4.Ngf3 Nf6 5.e5 Nfd7 6.Bd3 c5 7.c3 Nc6 8.O-O h5
9.Qe2 g5 10.dxc5 g4 11.Nd4 Ndxe5 12.Bb5 Bd7 13.N2b3 Ng6 14.f4 Nxd4 15.cxd4 Bxb5
16.Qxb5+ Qd7 17.Qd3 Nh4 18.f5 Nxf5 19.Bf4 f6 20.Rae1 Kf7 21.Re2 Rae8 22.Rfe1 Bd8
23.Rc1 Qc6 24.Qc3 Re7 25.Qb4 a5 26.Qc3 a4 27.Na1 Qb5 28.Rd2 Ba5 29.Qd3 Qxd3
30.Rxd3 Rc8 31.b3 axb3 32.Nxb3 Bd8 33.Bd2 Ra8 34.Rc2 Ra4 35.Bc3 Bc7 36.Rb2 Bf4
37.Re2 Bc7 38.Rb2 Bf4 39.Re2 Rc7 40.Rb2 Kg6 41.Re2 Kf7 42.Rb2 Rc8 43.Na5 Be3+
44.Kf1 Bxd4 45.Bxd4 Rxa5 46.Rxb7+ Kg6 47.Rb6 Nxd4 48.Rxd4 Rcxc5 49.Rxe6 Rxa2  0-1

[Event "16th Balaguer Open"]
[Site "Balaguer ESP"]
[Date "2011.07.18"]
[Round "2"]
[White "Villa Gimenez,C"]
[Black "Westerinen,H"]
[Result "0-1"]
[WhiteElo "2013"]
[BlackElo "2355"]

1.e4 e6 2.d4 d5 3.Nd2 Nc6 4.Ngf3 Nf6 5.e5 Nd7 6.Nb3 f6 7.exf6 Qxf6 8.Bd3 Nb4
9.Bg5 Nxd3+ 10.Qxd3 Qf7 11.Bh4 Bd6 12.Bg3 O-O 13.O-O Qf5 14.Qxf5 exf5 15.Bxd6 cxd6
16.Rfe1 Nf6 17.Nbd2 Ne4 18.Nf1 Bd7 19.N3d2 Rac8 20.c3 Rfe8 21.f3 Nf6 22.Kf2 f4
23.Rxe8+ Bxe8 24.g3 g5 25.gxf4 gxf4 26.Re1 Kf7 27.Nb3 Bb5 28.Nc1 Nh5 29.Ne2 Kf6
30.Nd2 Bc4 31.Nxc4 dxc4 32.Nc1 Kf7 33.a3 Rc6 34.Re2 Rb6 35.Ke1 Nf6 36.Kd1 Nd5
37.Kc2 Ne3+ 38.Kb1 Rb5 39.Rd2 Rg5 40.Rf2 Rg1 41.b3 cxb3 42.Rb2 Nc4  0-1

[Event "III Corporation Cup A"]
[Site "Izhevsk RUS"]
[Date "2011.07.18"]
[Round "4"]
[White "Kostitsina,L"]
[Black "Dogodkina,J"]
[Result "1-0"]
[WhiteElo "2017"]
[BlackElo "2193"]

1.e4 e6 2.d4 d5 3.Nd2 Nc6 4.Ngf3 Nf6 5.e5 Ne4 6.Bd3 Nxd2 7.Bxd2 Nb4 8.Bxb4 Bxb4+
9.c3 Be7 10.O-O a5 11.Nd2 b6 12.Qg4 g6 13.f4 Ba6 14.Bxa6 Rxa6 15.Qe2 Qc8
16.g4 c5 17.f5 c4 18.f6 Bd8 19.b3 b5 20.a4 b4 21.cxb4 Bb6 22.Nf3 axb4 23.Rfc1 h5
24.bxc4 dxc4 25.Rxc4 Qb7 26.Rac1 hxg4 27.Rc8+ Bd8 28.R1c7 Qb6 29.Qb5+ Qxb5
30.Re7+  1-0

[Event "III Corporation Cup A"]
[Site "Izhevsk RUS"]
[Date "2011.07.18"]
[Round "4"]
[White "Fedorov,D"]
[Black "Nugumanov,B"]
[Result "0-1"]
[WhiteElo "2125"]
[BlackElo "2210"]

1.e4 e6 2.d4 d5 3.Nd2 Nc6 4.Ngf3 Nf6 5.e5 Nd7 6.c3 f6 7.exf6 Qxf6 8.Bb5 Bd6
9.Nf1 a6 10.Bg5 Qf7 11.Ba4 O-O 12.Ne3 Qh5 13.Nf1 Rxf3 14.Bd2 Rf5 15.g4 Qh3
16.gxf5 Qg2 17.f3 Qxh1 18.Qe2 Nde5 19.dxe5 Nxe5 20.Bd1 Bd7 21.a4 exf5  0-1

[Event "3rd International Open"]
[Site "Rethymno GRE"]
[Date "2011.07.18"]
[Round "9"]
[White "Bijlsma,N"]
[Black "Markidis,K"]
[Result "1/2-1/2"]
[WhiteElo "2174"]
[BlackElo "2330"]

1.e4 e6 2.d4 d5 3.Nd2 Be7 4.e5 c5 5.Qg4 Kf8 6.dxc5 Nc6 7.Qg3 f6 8.Ngf3 fxe5
9.Nxe5 Nxe5 10.Qxe5 Bxc5 11.c4 Nf6 12.Be2 Bd6 13.Qe3 Kf7 14.cxd5 exd5 15.O-O Re8
16.Qd3 Kg8 17.Bf3 Re5 18.Nb3 Bf5 19.Qd4 Be4 20.Bf4 Re7 21.Bxd6 Qxd6 22.Nd2 Bxf3
23.Nxf3 Re4 24.Qd3 Rae8 25.Rad1 Qb4 26.Rd2 a6 27.Rfd1 h6 28.h3 Qb6 29.Rc2 Qa5
30.a3 Qb6 31.b4 Qd6 32.Rcd2 Qc7 33.Qb3 Rc4 34.b5 Rc3 35.Qb2 a5 36.Nd4 Rc4
37.Nf5 Rce4 38.g3 R8e6 39.Kg2 Qd7 40.Rxd5 Nxd5 41.Rxd5 Qc7 42.Qd2 Rg6 43.Rd7 Qc5
44.Rd5 Qb6 45.Qc2 Qe6 46.Qc5 Kh7 47.Rd8 Re2 48.g4 Qe4+ 49.Kg3 Qe5+ 50.Qxe5 Rxe5
51.Nd4 Rc5 52.Re8 Rc3+ 53.Kg2 Rf6 54.f4 Rxf4 55.Ne6 Rf6 56.Nf8+ Rxf8 57.Rxf8 Rxa3
58.Rb8 Ra2+ 59.Kg3 Ra3+ 60.Kg2 Rb3 61.Rxb7 a4 62.Ra7 a3 63.b6 Kg6 64.Ra5 Rb2+
65.Kg3 a2 66.h4 Rb3+ 67.Kg2 Rxb6 68.Rxa2 h5 69.Ra5 Rb2+ 70.Kg3 Rb3+ 71.Kh2 hxg4
72.Rg5+ Kh6 73.Rxg4 g6 74.Kg2 Rb5 75.Kg3 Kh5 76.Re4 Rb3+ 77.Kg2 Rd3 78.Rc4  1/2-1/2

[Event "XXIX Andorra Open"]
[Site "Arinsal AND"]
[Date "2011.07.20"]
[Round "5.13"]
[White "Priebe,J"]
[Black "Wegerle,J"]
[Result "0-1"]
[WhiteElo "2274"]
[BlackElo "2446"]

1.e4 e6 2.d4 d5 3.Nd2 Nc6 4.Ngf3 Nf6 5.e5 Nd7 6.Be2 Be7 7.Nf1 O-O 8.Ng3 f6
9.exf6 Bxf6 10.Nh5 e5 11.Nxf6+ Qxf6 12.dxe5 Ndxe5 13.O-O Be6 14.c3 Rad8 15.Nd4 Bf7
16.Nxc6 Nxc6 17.Be3 d4 18.cxd4 Nxd4 19.Bxd4 Rxd4 20.Qc2 c6 21.Rad1 Bd5 22.Rxd4 Qxd4
23.b3 b5 24.Qd1 Qf4 25.Qd3 a5 26.Bd1 Qg5 27.f3 Re8 28.Bc2 Qe3+ 29.Qxe3 Rxe3
30.Kf2 Rc3 31.Bb1 Kf7 32.Ke2 h5 33.Kd2 b4 34.Be4 Ke6 35.Re1 a4 36.bxa4 Ra3
37.Kc1 Kd6 38.Bxd5 cxd5 39.Kb2 Rxa4 40.Re8 Ra7 41.h4 Kc5 42.Rc8+ Kd4 43.Rb8 Kc4
44.Rc8+ Kd3 45.Kb3 d4 46.Rc5 Ra3+ 47.Kb2 Ke2 48.Rxh5 Re3 49.Rd5 d3 50.Kc1 Re7
51.h5 Rc7+ 52.Kb1 d2  0-1

[Event "XIII Gdansk Open"]
[Site "Gdansk POL"]
[Date "2011.07.21"]
[Round "6.4"]
[White "Zielinski,Wo"]
[Black "Khamitskiy,S"]
[Result "0-1"]
[WhiteElo "2097"]
[BlackElo "2316"]

1.e4 e6 2.d4 d5 3.Nd2 Nc6 4.c3 e5 5.exd5 Qxd5 6.Qf3 Qxf3 7.Ngxf3 exd4 8.Nxd4 Nxd4
9.cxd4 Be6 10.Bc4 Bxc4 11.Nxc4 Bb4+ 12.Bd2 Bxd2+ 13.Nxd2 O-O-O 14.Nb3 Ne7
15.O-O-O Rd5 16.Kc2 Rhd8 17.a3 a5 18.Kc3 b6 19.Rhe1 R5d7 20.Rd2 a4 21.Nc1 Nd5+
22.Kc2 Nf4 23.Kc3 c5 24.Red1 cxd4+ 25.Rxd4 Rxd4 26.Rxd4 Rxd4 27.Kxd4 Nxg2
28.Ne2 Ne1 29.Ke3 f5 30.Nc3 g5 31.Nxa4 Kc7 32.Nc3 Kc6 33.Ne2 Kd5 34.h3 f4+
35.Kd2 Nf3+ 36.Kd3 Ne5+ 37.Kd2 Ke4 38.Nc3+ Kf3 39.Ke1 Nd3+ 40.Kf1 Nxf2  0-1

[Event "TCh-Euro Open Girls"]
[Site "Iasi ROU"]
[Date "2011.07.21"]
[Round "7.3"]
[White "Vasilescu,M"]
[Black "Kabai,Z"]
[Result "0-1"]
[WhiteElo "1822"]
[BlackElo "2146"]

1.e4 e6 2.d4 d5 3.Nd2 a6 4.Bd3 c5 5.dxc5 Nf6 6.Qe2 Bxc5 7.Ngf3 Nc6 8.c3 Qc7
9.O-O Ba7 10.Nb3 h6 11.Bd2 dxe4 12.Bxe4 Bd7 13.Rac1 O-O-O 14.Bxc6 Bxc6 15.Ne5 g5
16.Nxc6 Qxc6 17.Rfe1 Nd5 18.Nd4 Qd6 19.Qe4 Kb8 20.Rcd1 Ka8 21.Nf3 Qb6 22.Ne5 Qxf2+
23.Kh1 f5 24.Qc4 Rc8 25.Qe2 Qxe2 26.Rxe2 Bb8 27.Rde1 Rce8 28.Nd7 Bf4 29.Bxf4 Nxf4
30.Re3 Re7 31.Ne5 Rg8 32.c4 Ng6 33.Nxg6 Rxg6 34.Re5 Rd7 35.Kg1 Rd6 36.R1e2 Kb8
37.b4 Kc7 38.c5 Rd1+ 39.Kf2 Kd7 40.Kf3 Rd4 41.a3 Rd3+ 42.R2e3 Rxe3+ 43.Kxe3 Rg8
44.Kd4 Ke7 45.a4 Rd8+ 46.Kc3 Kf6 47.Re2 e5 48.b5 axb5 49.axb5 e4 50.b6 Ke5
51.Kc4 Rd4+ 52.Kb5 Rd5 53.Kc4 Rd4+ 54.Kb5 Rd5 55.Kc4 f4 56.Ra2 Rd4+ 57.Kb5 e3
58.c6 bxc6+ 59.Kxc6 Rb4 60.Ra5+ Ke4 61.Ra8 e2 62.Kc7 Rxb6 63.Kxb6 Ke3 64.Re8+ Kf2
65.Kc5 e1=Q  0-1

[Event "III Corporation Cup A"]
[Site "Izhevsk RUS"]
[Date "2011.07.21"]
[Round "6"]
[White "Chan,Na"]
[Black "Nugumanov,B"]
[Result "1-0"]
[WhiteElo "1772"]
[BlackElo "2210"]

1.e4 e6 2.d4 d5 3.Nd2 Nc6 4.c3 Nf6 5.e5 Nd7 6.f4 Ne7 7.Ngf3 c5 8.Be2 Nf5
9.Kf2 cxd4 10.cxd4 Qb6 11.Nb3 f6 12.g4 Nh6 13.h3 Nf7 14.Be3 g5 15.f5 Be7
16.Qc2 O-O 17.Bd3 fxe5 18.dxe5 Qc6 19.Bd4 Bd8 20.Kg2 Qxc2+ 21.Bxc2 Re8 22.f6 Bb6
23.Rae1 Nf8 24.h4 Bd7 25.hxg5 Rec8 26.Bd3 Nh8 27.Rh2 Be8 28.Kg3 Bg6 29.Bxg6 Nhxg6
30.Reh1 Rc4 31.Bxb6 axb6 32.Nbd4 Rxa2 33.Nf5 exf5 34.gxf5 Nf4 35.e6 Re4 36.Rxh7 Nxh7
37.f7+ Kf8 38.Rxh7 Nxe6 39.g6 Ke7 40.Rh8 Nf8 41.g7 Ra8 42.g8=Q b5 43.Nh4 Re3+
44.Kf2 Rb3 45.Qg7 Rc8 46.Qe5+  1-0

[Event "4th Paleohora Open"]
[Site "Paleochora GRE"]
[Date "2011.07.21"]
[Round "2"]
[White "Burg,B"]
[Black "Yilmaz,M"]
[Result "1/2-1/2"]
[WhiteElo "2149"]
[BlackElo "2519"]

1.e4 e6 2.d4 d5 3.Nd2 Nc6 4.Ngf3 Nf6 5.e5 Nd7 6.c3 f6 7.exf6 Qxf6 8.Nb3 Bd6
9.Bg5 Qf7 10.Bh4 O-O 11.Bd3 h6 12.O-O e5 13.dxe5 Ncxe5 14.Nxe5 Nxe5 15.Bg3 Bg4
16.Be2 Bxe2 17.Qxe2 Rae8 18.Nd4 c6 19.b3 Qf6 20.Rae1 Qg6 21.Qc2 Qxc2 22.Nxc2 Nf7
23.Nd4 Bxg3 24.hxg3 Nd6 25.f3 Kf7 26.Rxe8 Rxe8 27.Kf2 c5 28.Ne2 Rd8 29.Rd1 Ne8
30.Nf4 Nf6 31.g4 b6 32.Ke3 Re8+ 33.Kf2 Re5 34.Nd3 Re7 35.Nf4 Rd7 36.Ke3 Ke7
37.Ng6+ Kd6 38.Nh4 Kc6 39.Nf5 Ne8 40.Kd3 Rf7 41.Re1 Kd7  1/2-1/2

[Event "XXIX Andorra Open"]
[Site "Arinsal AND"]
[Date "2011.07.22"]
[Round "7.11"]
[White "Lillo Castay,V"]
[Black "Riff,JN"]
[Result "0-1"]
[WhiteElo "2281"]
[BlackElo "2493"]

1.e4 e6 2.d4 d5 3.Nd2 Be7 4.Bd3 c5 5.dxc5 Nf6 6.exd5 Qxd5 7.Ngf3 Qxc5 8.O-O Nbd7
9.Nb3 Qc7 10.Bg5 b6 11.a4 Bb7 12.Bh4 Bd6 13.Bg3 Bxg3 14.hxg3 O-O 15.Re1 Rfd8
16.a5 Bd5 17.axb6 Qxb6 18.Ra6 Qb7 19.Ra3 a5 20.Rxa5 Rxa5 21.Nxa5 Qxb2 22.c4 Bxf3
23.gxf3 Qb6 24.Nb3 Qb4 25.Nd4 Rc8 26.Nb5 Nb6 27.Qb1 Qc5 28.Re2 Rd8 29.Rd2 g6
30.Rd1 Kg7 31.Kg2 h5 32.Re1 h4 33.g4 h3+ 34.Kg1 Nxc4 35.Rc1 Qd5 36.Bxc4 Qxf3
37.Bf1 h2+  0-1

[Event "Czech GM Open A"]
[Site "Pardubice CZE"]
[Date "2011.07.22"]
[Round "1.57"]
[White "Velicka,P"]
[Black "Martynov,P2"]
[Result "1-0"]
[WhiteElo "2461"]
[BlackElo "2237"]

1.e4 e6 2.d4 d5 3.Nd2 Be7 4.Bd3 c5 5.dxc5 Nf6 6.Qe2 O-O 7.Ngf3 a5 8.e5 Nfd7
9.h4 f5 10.Nb3 a4 11.Nbd4 Nxc5 12.Bg5 a3 13.b3 Nc6 14.Bxe7 Qxe7 15.Kf1 Ne4
16.Qe3 Qb4 17.g3 Bd7 18.Kg2 Qe7 19.Ne2 Rac8 20.Rhc1 Rfd8 21.c3 Be8 22.Nf4 b5
23.Bxb5 Nxe5 24.Nxe5 Bxb5 25.Qd4 Be8 26.Rc2 Bf7 27.Rac1 h6 28.f3 Nf6 29.Qe3 g5
30.hxg5 hxg5 31.Nfg6 Bxg6 32.Qxg5 Qg7 33.Qxg6 Qxg6 34.Nxg6 Kf7 35.Ne5+ Ke7
36.Re2 d4 37.c4 Nd7 38.Rd1 Rc5 39.Nd3 Rc6 40.Nb4 Rd6 41.Rxd4 Rxd4 42.Nc6+ Kf6
43.Nxd4 Nc5 44.Nc2  1-0

[Event "Czech GM Open A"]
[Site "Pardubice CZE"]
[Date "2011.07.22"]
[Round "1.40"]
[White "Givon,A"]
[Black "Totsky,L"]
[Result "0-1"]
[WhiteElo "2262"]
[BlackElo "2484"]

1.e4 e6 2.d4 d5 3.Nd2 Be7 4.Ngf3 Nf6 5.e5 Nfd7 6.Bd3 c5 7.c3 b6 8.Ne4 Nc6
9.Ng3 cxd4 10.cxd4 Nb4 11.Bb5 Ba6 12.Bxa6 Nxa6 13.O-O O-O 14.Qa4 Nab8 15.Bd2 a6
16.Rfc1 b5 17.Qa5 Nb6 18.b3 N8d7 19.Rc6 Rc8 20.Rxc8 Qxc8 21.Rc1 Qb7 22.Bb4 Bxb4
23.Qxb4 Rc8 24.Qa3 h6 25.h4 Rxc1+ 26.Qxc1 Qc8 27.Qa3 Nb8 28.Nf1 Nc6 29.Qc5 Qc7
30.Qa3 a5 31.Qc5 b4 32.a4 bxa3 33.Qxa3 Nc8 34.Qc5 Qb6 35.Qxb6 Nxb6 36.Ne3 f6
37.Nc2 Kf7 38.g4 fxe5 39.Nxe5+ Nxe5 40.dxe5 Nd7 41.f4 g5 42.hxg5 hxg5 43.Nd4 gxf4
44.Nc6 Kg6 45.Kg2 Nc5 46.Nd4 Kh6 47.Kf2 Nxb3 48.Nxb3 a4 49.Nc1 a3  0-1

[Event "Najdorf Memorial"]
[Site "Warsaw POL"]
[Date "2011.07.22"]
[Round "9"]
[White "Licznerski,L"]
[Black "Abrahamyan,T"]
[Result "0-1"]
[WhiteElo "2122"]
[BlackElo "2343"]

1.e4 e6 2.d4 d5 3.Nd2 Be7 4.Ngf3 Nf6 5.Bd3 c5 6.exd5 Qxd5 7.dxc5 Qxc5 8.Qe2 Qc7
9.c3 Nbd7 10.Ne4 Nxe4 11.Bxe4 Nc5 12.O-O Nxe4 13.Qxe4 O-O 14.Bf4 Qb6 15.b3 Bd7
16.Ne5 Rfd8 17.Rfd1 Be8 18.Nc4 Qa6 19.Bc7 Rxd1+ 20.Rxd1 Rc8 21.Be5 Bf8 22.Rd2 b5
23.Ne3 f6 24.Bg3 Rxc3 25.h3 Bg6 26.Qd4 Rc1+ 27.Kh2 e5 28.Qd7 h5 29.Nf5 b4
30.Ne7+ Bxe7 31.Qxe7 Qf1 32.Bxe5 h4 33.Rd8+ Kh7  0-1

[Event "XXIX Andorra Open"]
[Site "Arinsal AND"]
[Date "2011.07.23"]
[Round "8.16"]
[White "Bas Mas,J"]
[Black "Moussard,J"]
[Result "1-0"]
[WhiteElo "2194"]
[BlackElo "2426"]

1.e4 e6 2.d4 d5 3.Nd2 Nc6 4.Ngf3 Nf6 5.e5 Nd7 6.c3 Be7 7.Bd3 O-O 8.O-O f6
9.Re1 fxe5 10.Nxe5 Ncxe5 11.dxe5 Rf7 12.Qg4 Qf8 13.Nf3 Nc5 14.Bc2 Bd7 15.Bg5 g6
16.Re3 Qg7 17.Bxe7 Rxe7 18.Ng5 Rf8 19.Nxh7 Kxh7 20.Rh3+ Kg8 21.Bxg6 Rf5 22.Rh7 Rxe5
23.Rxg7+ Rxg7 24.Qf4 Re2 25.Qf6 Rxg6 26.Qxg6+ Kf8 27.h4 Ne4 28.f3 Nd6 29.Qf6+ Kg8
30.Qd8+ Be8 31.Kf1 Rxb2 32.Re1 Kg7 33.Qxc7+ Nf7 34.Rxe6 Rb1+ 35.Kf2 Rb2+
36.Kg3  1-0

[Event "16th Balaguer Open"]
[Site "Balaguer ESP"]
[Date "2011.07.23"]
[Round "7"]
[White "Rodrigo Yanguas,M"]
[Black "Codina Garcia,J"]
[Result "1-0"]
[WhiteElo "2102"]
[BlackElo "2133"]

1.e4 e6 2.d4 d5 3.Nd2 a6 4.Bd3 c5 5.exd5 exd5 6.Ngf3 Nf6 7.O-O Be7 8.dxc5 Bxc5
9.Re1+ Be7 10.Nd4 O-O 11.Nf5 Bxf5 12.Bxf5 Nc6 13.Nf3 Qc7 14.c3 h6 15.Bc2 Bd6
16.h3 Bf4 17.Qd3 Rfe8 18.Rxe8+ Rxe8 19.Bxf4 Qxf4 20.Rd1 Ne5 21.Nxe5 Qxe5
22.Bb3 Qe2 23.Qd2 Re5 24.Qxe2 Rxe2 25.Rb1 Rd2 26.Kf1 d4 27.cxd4 Rxd4 28.Ke2 Kf8
29.Ke3 Rd7 30.Rc1 Ke7 31.f4 Ne8 32.g4 f6 33.f5 Rc7 34.Re1 Kd8 35.Kf4 Nd6
36.h4 Nc4 37.Re2 Ne5 38.g5 Rd7 39.gxf6 gxf6 40.Ke4 Nc6 41.Bd5 Rg7 42.Bxc6 bxc6
43.Kf3 Rb7 44.b3 Rb5 45.Kf4 Ra5 46.Re6 Rxa2 47.Rxf6 Kd7 48.Re6 Rf2+ 49.Kg4 h5+
50.Kg5 Rf3 51.Re5 Rxb3 52.f6 a5 53.f7 Rf3 54.Kg6 c5 55.Re8 a4 56.f8=Q Rxf8
57.Rxf8 Kc6 58.Kxh5 Kb5 59.Kg4 a3 60.h5 Kb4 61.h6 a2 62.Ra8  1-0

[Event "Open NK"]
[Site "Dieren NED"]
[Date "2011.07.23"]
[Round "5"]
[White "Fier, Alexandr"]
[Black "Vovk, Yuri"]
[Result "1/2-1/2"]
[WhiteElo "2566"]
[BlackElo "2564"]

1.e4 e6 2.d4 d5 3.Nd2 Be7 4.e5 c5 5.Qg4 Kf8 6.dxc5 Nc6 7.Qg3 Nh6 8.Bd3 Bh4
9.Qf4 Bg5 10.Qa4 Nxe5 11.Ngf3 Nxd3+ 12.cxd3 Bd7 13.Qb4 a5 14.Qxb7 Rb8 15.Qa6 Bb5
16.Qd6+ Qxd6 17.cxd6 Bf6 18.Nb3 a4 19.Nc5 Nf5 20.Bf4 Rb6 21.Ne5 Bxe5 22.Bxe5 f6
23.d7 Kf7 24.Bc7 Rc6 25.d8=N+ Rxd8 26.Bxd8 Rxc5 27.Kd2 Nh4 28.Rhc1 Rxc1 29.Rxc1 Nxg2
30.Rc7+ Kg6 31.Rb7 Bc6 32.Rb4 Kf5 33.b3 axb3 34.a4 d4 35.a5 Nh4 36.Rb6 Bg2
37.Bc7 e5 38.Rxb3 Nf3+ 39.Kc1 Nxh2 40.f4 Ng4 41.fxe5 Nxe5 42.Bxe5 fxe5 43.Kd2 h5
44.Ke2 h4 45.Kf2 Bh1 46.Rb1 Bd5 47.Rb5 Bh1 48.a6 g5 49.Kg1 Bf3 50.Rb8 Kg4
51.Kf2 h3 52.Rh8 e4 53.dxe4 Bxe4 54.a7 d3 55.a8=Q Bxa8 56.Rxa8 h2 57.Kg2 Kf4
58.Kxh2 d2 59.Rd8 Ke3 60.Kg3 Ke2 61.Kg4 d1=Q 62.Rxd1 Kxd1 63.Kxg5  1/2-1/2

[Event "III Corporation Cup A"]
[Site "Izhevsk RUS"]
[Date "2011.07.23"]
[Round "8"]
[White "Makarenko,A"]
[Black "Dogodkina,J"]
[Result "1-0"]
[WhiteElo "2082"]
[BlackElo "2193"]

1.e4 e6 2.d4 d5 3.Nd2 Nc6 4.c3 Nf6 5.e5 Nd7 6.f4 b6 7.Ngf3 Bb7 8.Bd3 Qe7
9.f5 f6 10.exf6 gxf6 11.fxe6 Qxe6+ 12.Qe2 Qxe2+ 13.Kxe2 O-O-O 14.Nf1 Bd6
15.Bh6 Ne7 16.Ng3 Rde8 17.Kf2 c5 18.Nf5 Nxf5 19.Bxf5 Re7 20.Rae1 Kd8 21.Rxe7 Bxe7
22.Re1 Nf8 23.h4 Nd7 24.h5 Bf8 25.Bf4 c4 26.g4 h6 27.Nh4 Bg7 28.Ng6  1-0

[Event "8th World Teams"]
[Site "Ningbo CHN"]
[Date "2011.07.23"]
[Round "6"]
[White "Almasi,Z"]
[Black "Shulman,Y"]
[Result "1-0"]
[WhiteElo "2726"]
[BlackElo "2617"]

1.e4 e6 2.d4 d5 3.Nd2 Be7 4.Bd3 c5 5.dxc5 Nf6 6.Qe2 O-O 7.Ngf3 a5 8.O-O Nfd7
9.exd5 exd5 10.Re1 Bf6 11.Nb3 a4 12.Nbd4 Nxc5 13.Be3 Nxd3 14.Qxd3 Bg4 15.c3 Nc6
16.h3 Bh5 17.Nxc6 bxc6 18.Bc5 Bxf3 19.Qxf3 Re8 20.Qg4 h6 21.Rac1 Qa5 22.Bd4 Bxd4
23.Qxd4 Qb5 24.Qb4 Qa6 25.Qc5 Qb7 26.Qb4 Qa6 27.Qc5 Qb7 28.Rb1 Rab8 29.b4 axb3
30.Rxe8+ Rxe8 31.axb3 Qa6 32.c4 dxc4 33.bxc4 Qa2 34.Rb6 Qa1+ 35.Kh2 g6 36.Qxc6 Re2
37.Qc5 Re1 38.Rb3 Kg7 39.Re3 Rh1+ 40.Kg3 Rc1 41.Rf3 Re1 42.Qc7 Qe5+ 43.Qxe5+ Rxe5
44.Rc3 Rc5 45.Kf4 Kf6 46.Ke4 Ke7 47.Kd4 Ra5 48.c5 Ra2 49.Rf3 f5 50.Kd5 Rd2+
51.Kc6 Ke6 52.Kb7 Rb2+ 53.Kc7 g5 54.c6 h5 55.Kc8 h4 56.c7 f4 57.Rc3 Ke7 58.Rc5 Rxf2
59.Kb7  1-0

[Event "XXIX Andorra Open"]
[Site "Arinsal AND"]
[Date "2011.07.24"]
[Round "9.6"]
[White "Gonzalez Vidal,Y"]
[Black "Arizmendi Martinez,J"]
[Result "0-1"]
[WhiteElo "2503"]
[BlackElo "2555"]

1.e4 e6 2.d4 d5 3.Nd2 Be7 4.Ngf3 Nf6 5.e5 Nfd7 6.Bd3 c5 7.c3 Nc6 8.O-O g5
9.dxc5 g4 10.Nd4 Ndxe5 11.Bb5 Bd7 12.N2b3 h5 13.Qe2 Ng6 14.f4 gxf3 15.Nxf3 Qc7
16.Bg5 O-O-O 17.Bxc6 Bxc6 18.Bxe7 Qxe7 19.Nbd4 Qxc5 20.b4 Qb6 21.a4 Be8 22.a5 Qc7
23.b5 Qc5 24.b6 a6 25.Ne5 Bb5 26.Rxf7 Bxe2 27.Rc7+ Qxc7 28.bxc7 Rdg8  0-1

[Event "Helmut-Kohls-Turnier 2011"]
[Site "Dortmund GER"]
[Date "2011.07.24"]
[Round "3"]
[White "Saltaev,M"]
[Black "Bluebaum,M"]
[Result "1/2-1/2"]
[WhiteElo "2473"]
[BlackElo "2329"]

1.e4 e6 2.d4 d5 3.Nd2 Be7 4.Bd3 c5 5.dxc5 Nf6 6.Qe2 O-O 7.Ngf3 a5 8.O-O Na6
9.e5 Nd7 10.c4 Naxc5 11.Bc2 b6 12.b3 Bb7 13.Bb2 Qc7 14.Rac1 Rfd8 15.Rfe1 Nf8
16.Qe3 Ng6 17.a3 dxc4 18.Nxc4 Bd5 19.b4 axb4 20.axb4 Bxc4 21.Bxg6 b5 22.Bb1 Na4
23.Bd4 Bxb4  1/2-1/2

[Event "Czech GM Open A"]
[Site "Pardubice CZE"]
[Date "2011.07.24"]
[Round "3.43"]
[White "Bryzgalin,K"]
[Black "Laubert,J"]
[Result "1-0"]
[WhiteElo "2469"]
[BlackElo "2064"]

1.e4 e6 2.d4 d5 3.Nd2 Nc6 4.Ngf3 Nf6 5.e5 Nd7 6.Be2 f6 7.exf6 Qxf6 8.Nf1 Bd6
9.Ne3 O-O 10.O-O Qg6 11.c4 Nf6 12.a3 a5 13.c5 Be7 14.Bb5 Bd7 15.Re1 Ne4 16.Bxc6 Bxc6
17.Ne5 Qe8 18.f3 Ng5 19.N3g4 Bb5 20.Bd2 Nf7 21.Nxf7 Qxf7 22.Qb3 Bc6 23.Qe3 Bh4
24.Ne5 Qe8 25.g3 Bf6 26.Ng4 Bd7 27.Qc3 Qg6 28.Bf4 h5 29.Nxf6+ Qxf6 30.Re5 h4
31.Rae1 hxg3 32.hxg3 Kf7 33.Rg5 Rh8 34.Qe3 Rh7 35.g4 Rah8 36.Kg2 c6 37.a4 Bc8
38.Be5 Qe7 39.Qd2 Ke8 40.Bg3 Qf6 41.Rf5 Qd8 42.Qf4 b6 43.Rf7 g5 44.Rxh7 Rxh7
45.Qf5 Rf7 46.Qd3 bxc5 47.dxc5 Qe7 48.Qc3 Qf6 49.Be5 Qg6 50.Qe3 Rh7 51.Bg3 Rb7
52.Qc3 Rb4 53.Qh8+ Kd7 54.Rh1 Qc2+ 55.Bf2 Kc7 56.Rh7+ Kb8 57.Qe5+ Ka8 58.Qc7 Bb7
59.Qxa5+ Kb8 60.Rh8+  1-0